| 000 | 00855nam0a22002651 4500 | ||
|---|---|---|---|
| 001 | RU\INFOCOMM_327\NLR\5000048376 | ||
| 005 | 20250613111814.0 | ||
| 035 | _a(NLR Aleph) 009596439 | ||
| 090 |
_a9283086 _c9283086 |
||
| 100 | _a20130305d1975 |||y0rusy50 ca | ||
| 101 | 1 | _ager | |
| 102 | _aRU | ||
| 105 | _ay z ||||| | ||
| 200 | 1 |
_aDer gegenwärtige Kapitalismus und die Intelligenz _fS. N. Nadel _g[Deutsch von Helmut Gennys] |
|
| 210 |
_aM. _cAPN-Verl. _d1975 |
||
| 215 |
_a104 с. _d16 см |
||
| 300 | _aВ вып. дан.: С. Надель. Современный капитализм и интеллигенция | ||
| 620 | _aМосква | ||
| 686 |
_aФ4-112 _2rubbk |
||
| 700 | 1 |
_aNadel' _bS. N. _gSemen Naumovič |
|
| 801 | 1 |
_aRU _bInfocomm _c20130305 |
|
| 801 | 0 |
_aRU _bINFOCOMM _gPSBO |
|
| 852 |
_aNLR _jФ51 Д-1/37 |
||
| 942 | _cBOOK | ||
| 980 | _aNB | ||